Pavimentos industriales: diseño y construcción
Kaydedildi:
| Müşterek Yazar: | |
|---|---|
| Materyal Türü: | Kitap |
| Dil: | İspanyolca |
| Baskı/Yayın Bilgisi: |
Santiago
El Instituto
1987
|
| Konular: | |
| Etiketler: |
Etiketle
Etiket eklenmemiş, İlk siz ekleyin!
|
MARC
| LEADER | 00000nam a2200000 a 4500 | ||
|---|---|---|---|
| 001 | UCV8452 | ||
| 003 | CL-VaPUC | ||
| 008 | 910806e19870000CL |||||||||||||||||spa|d | ||
| 082 | 0 | 4 | |a 624.183 |b INS |2 21 |
| 110 | 2 | |a Instituto Chileno del Cemento y del Hormigón |e author |9 302502 | |
| 245 | 1 | 0 | |a Pavimentos industriales: diseño y construcción |
| 300 | |a 77 p | ||
| 942 | |c BK | ||
| 945 | |d 19910806 00:00:00 | ||
| 260 | |a Santiago |b El Instituto |c 1987 | ||
| 650 | 7 | |a PAVIMENTOS INDUSTRIALES |2 CL-VaPUC |9 266663 | |
| 650 | 0 | |a Diseño y construcción |9 260862 | |
| 650 | 7 | |a PISOS DE HORMIGON |2 CL-VaPUC |9 266664 | |
| 650 | 0 | |a Diseño y construcción |9 260862 | |
| 583 | |a last modification |c 19910806 00:00:00 |k Rodrigo Vera | ||
| 999 | |c 213965 |d 213963 | ||
| 952 | |0 0 |1 0 |4 0 |6 624_183000000000000_INS_1987 |7 0 |8 A |9 196899 |a BIBARQ |b BIBARQ |d 2019-11-14 |i 2646668 |o 624.183 INS 1987 |p 2646668 |r 2025-01-20 |w 2019-11-14 |y BK |k ARQ | ||
| 952 | |0 0 |1 0 |4 0 |6 624_183000000000000_INS_1987 |7 0 |8 A |9 196900 |a BIBING |b BIBING |d 2019-11-14 |i 3032914 |o 624.183 INS 1987 |p 3032914 |r 2025-01-20 |w 2019-11-14 |y BK |k TRA | ||